| 000 | 00639nam a22002291c 4500 | ||
|---|---|---|---|
| 001 | a987692507 | ||
| 008 | 190905s1942 gw |||| 000u ger d | ||
| 041 | _ager | ||
| 100 | 1 | _aDörken, Georg | |
| 245 | 0 | 4 | _aDas Militärstrafgesetzbuch und die Kriegssonderstrafrechtsverordnung mit Erläuterungen. |
| 250 | _a3. erweiterte Aufl. | ||
| 264 |
_aBerlin, _c1942 |
||
| 300 | _aXI, 179 Seiten | ||
| 650 | 0 | _aMilitärjustiz | |
| 650 | 0 | _aMilitärstrafgesetzbuch | |
| 651 | 0 | _aDeutschland | |
| 700 | 1 |
_aScherer, Werner _eVerfasserIn |
|
| 942 | _cMG | ||
| 040 | _cRU-10907106 | ||
| 003 | RU-10907106 | ||
| 999 |
_c29717 _d29717 |
||
| 490 | 0 | _aDahlens Gesetzausgaben | |